000 00818nam a2200181Ia 4500
008 090124s9999 xx 000 0 und d
082 _b21617
_a2540
100 _aकोटेचा जवाहर
245 _a स्वगत जयप्रकाश नारायण यांची तुरुंगातील दैनंदिनी
250 _a1
260 _c1976
300 _a135
600 _aकोटेचा जवाहर
630 _a स्वगत जयप्रकाश नारायण यांची तुरुंगातील दैनंदिनी
700 _aकोटेचा जवाहर
730 _a स्वगत जयप्रकाश नारायण यांची तुरुंगातील दैनंदिनी
942 _cBOOK
999 _c135277
_d135277